| 000 | 00932nam a2200265Ia 4500 | ||
|---|---|---|---|
| 001 | 22006 | ||
| 005 | 20260320113333.0 | ||
| 008 | 260320s9999||||xx |||||||||||||| ||und|| | ||
| 020 | _a9789587624571 | ||
| 041 | _aESP | ||
| 082 |
_a344.529 _bF74 |
||
| 100 |
_aFonseca Vivas, Álvaro, _eAUT |
||
| 245 | 0 |
_aAuditoría forense : _baplicada al campo administrativo y financiero, medio ambiente, cultural, social, política y tecnología |
|
| 246 |
_a _5 _b |
||
| 250 | _aPrimera edición | ||
| 260 |
_aBogotá : _bEdiciones de la U, _c2015 |
||
| 300 |
_a286 páginas : _bilustraciones, fotografías, cuadros ; _c24 cm. _e |
||
| 440 |
_a(Auditoría) _n _v |
||
| 650 | _aCIS | ||
| 653 | _aDerecho; Derecho penal; Auditoría forense; Ciencias forenses | ||
| 654 | _aDER | ||
| 700 |
_a _c |
||
| 856 |
_uhttps://0u214mv7o-y-https-app-vlex-com.itmsp.museknowledge.com/ _zVéase además: Base de datos Vlex |
||
| 942 |
_cLIB _dJUS _fMAT _2ddc _n |
||
| 999 |
_c22006 _d22006 |
||